The answer is a prime number - Click Quiz - Statistics

General Stats
  • This quiz has been taken 43 times
  • The average score is 10 of 18
Answer Stats
Hint Extra Hint Answer % Correct
Year on which the French Revolution started 1789
92%
Year on which Adolf Hitler was appointed chancelor of Germany 1933
88%
Emergency telephone number in much of the Americas 911
80%
Red and white stripes on the US flag 13
76%
Pairs of chromosomes in a human cell 23
76%
Binary notation of the number 5 101
68%
Members of the Jackson family that formed a group between 1966 and 1975 5
64%
Atomic number of Silver 47
60%
Laws of robotics according to Isaac Asimov 3
56%
Syllables in a haiku 17
48%
Points to win a set in table tennis 11
44%
Number on the jersey of the hooker in a rugby union team 2
40%
Hours during which Aron Ralston was stuck in a canyon in Utah, his hand crushed by a boulder Hint : this story was made into a movie! 127
36%
Dragon Balls in the manga of the same name 7
36%
Bones in the human skull 29
32%
Lines and columns on a standard Go board 19
24%
Subjects of the Russian Federation 89
24%
Pokédex number of Celebi 251
16%
No matching quizzes found
Score Distribution
Percent of People with Each Score
Percentile by Number Answered
Your Score History
You have not taken this quiz